000 00853nam1a22002171i 4500
001 v19\rc\1215284
005 20260406164953.0
035 _a(NLR Aleph) 004378434
090 _a3593567
_c3593567
100 _a20060306d1872 |||y0rusy50 ca
101 0 _arus
102 _aRU
105 _ay z |||||
200 1 _a[Отчет Славянского благотворительного комитета о движении сумм...]
210 _aМосква
_dценз. 1872
532 1 3 _aОтчет Славянского благотворительного комитета о движении сумм...]
710 0 2 _aСлавянский благотворительный комитет
_cМосква
_9367666
_3RU\NLR\AUTH\889936429
801 0 _aRU
_bNLR
_gpsbo
801 1 _aRU
_bProSoft-M
_2rusmarc
852 _aNLR
_j18.124.1.50
942 _cBOOK